Footpath Ki Ghaas / (Record no. 594330)

000 -LEADER
fixed length control field 00392nam a22001457a 4500
003 - CONTROL NUMBER IDENTIFIER
control field NUST
005 - DATE AND TIME OF LATEST TRANSACTION
control field 20230327111554.0
008 - FIXED-LENGTH DATA ELEMENTS--GENERAL INFORMATION
fixed length control field 230327b ||||| |||| 00| 0 eng d
020 ## - INTERNATIONAL STANDARD BOOK NUMBER
International Standard Book Number 9789693510867
082 ## - DEWEY DECIMAL CLASSIFICATION NUMBER
Classification number 891.4392,BAN
245 ## - TITLE STATEMENT
Title Footpath Ki Ghaas /
Statement of responsibility, etc. Bano Qudsiya
260 ## - PUBLICATION, DISTRIBUTION, ETC.
Place of publication, distribution, etc. Lahore, Pakistan
Name of publisher, distributor, etc. Sang i meel publication
Date of publication, distribution, etc. 2008
300 ## - PHYSICAL DESCRIPTION
Extent 632 p:.
942 ## - ADDED ENTRY ELEMENTS (KOHA)
Source of classification or shelving scheme
Koha item type Book
Call number prefix 891.4392,BAN
Holdings
Withdrawn status Lost status Source of classification or shelving scheme Damaged status Not for loan Permanent Location Current Location Shelving location Date acquired Total Checkouts Full call number Barcode Date last seen Date last checked out Price effective from Koha item type Public note
          Military College of Signals (MCS) Military College of Signals (MCS) General Stacks 03/27/2023 1 891.4392,BAN MCS37715 12/15/2025 11/20/2025 03/27/2023 Book Almirha No 66, Shelf No 1
© 2023 Central Library, National University of Sciences and Technology. All Rights Reserved.